00613nam a2200229Ia 4500008004100000020001800041050001600059050001400075100002000089245003900109245002200148260001700170260002500187260000900212300001600221300002000237300001100257500004100268650002900309650002200338650002300360160404s9999 xx 000 0 und d a971-08-6710-5 aFIL HF 5718 b.B68 2008 aBouing, Ronnie. aEffective business communication / cRonnie A. Bouing. aMandaluyong: bNational Book Store, c2008 a289 pages : billustrations ; c25 cm. aIncludes bibliographical references. aBusiness communication.  aBusiness writing. xBusiness letters.